000 01424cam a2200301 a 4500
001 13194766
003 ARRUPE
005 20160111123643.0
008 030512s2003 ilu b 001 0 eng
010 _a 2003010874
020 _a0830827323 (pbk. : alk. paper)
040 _aDLC
_cDLC
_dDLC
042 _apcc
050 0 0 _aBX5199.L53
_bR47 2003
082 0 0 _a212/.1
_221
100 1 _aReppert, Victor,
_d1953-
_921447
245 1 0 _aC.S. Lewis's dangerous idea :
_ba philosophical defense of Lewis's argument from reason /
_cVictor Reppert.
260 _aDowners Grove, Ill. :
_bInterVarsity Press,
_cc2003.
300 _a132 p. ;
_c21 cm.
504 _aIncludes bibliographical references (p. [129]-130) and index.
505 0 _aTaking C.S. Lewis seriously: apologetics and the personal heresy -- Assessing apologetic arguments -- C.S. Lewis, Elizabeth Anscombe, and the argument from reason -- Several formulations of the argument from reason -- Explanatory dualism -- The inadequacy objection.
600 1 0 _aLewis, C. S.
_q(Clive Staples),
_d1898-1963.
_921448
650 0 _aFaith and reason.
_94721
856 4 1 _3Table of contents
_uhttp://www.loc.gov/catdir/toc/ecip044/2003010874.html
906 _a7
_bcbc
_corignew
_d1
_eecip
_f20
_gy-gencatlg
942 _2lcc
_cMONOGRAPH
999 _c123923
_d123923